Fußball-Meister in Europa (2017/18) - Statistiken

Allgemein
  • Dieses Quiz wurde 1.037 mal gespielt
  • Das Durchschnittsergebnis liegt bei 13 aus 20
Antwortstatistiken
Land Meister % Korrekt
La Liga (Spanien) FC Barcelona
100%
Bundesliga (Deutschland) FC Bayern München
100%
Premier League (England) Manchester City FC
98%
Ligue 1 (Frankreich) Paris Saint-Germain
98%
Serie A (Italien) Juventus Turin
97%
Primeira Liga (Portugal) FC Porto
89%
Süper Lig (Türkei) Galatasaray Istanbul
83%
Bundesliga (Österreich) Red Bull Salzburg
83%
Eredivisie (Niederlande) PSV Eindhoven
80%
Super League (Schweiz) Young Boys Bern
79%
Premjer-Liga (Russland) Spartak Moskau
71%
1. HNL (Kroatien) Dinamo Zagreb
66%
Pro League (Belgien) FC Brügge
62%
Super League (Griechenland) AEK Athen
61%
Premjer-Liha (Ukraine) Schachtar Donezk
52%
First Division (Zypern) APOEL Nikosia
38%
1. Liga (Tschechien) Viktoria Pilsen
35%
Liga 1 (Rumänien) CFR Cluj
22%
Ligat ha’Al (Israel) Hapoel Be’er Scheva
15%
Superliga (Dänemark) FC Midtjylland
9%
Keine übereinstimmenden Quizze gefunden
Verteilung der Resultate
Anzahl Personen mit jedem Resultat
Perzentil nach korrekt beantworteten Fragen
Ihre Resultats-Entwicklung
Sie haben dieses Quiz noch nicht gespielt